000 00369nam a22001457a 4500
003 MACL
005 20190810155724.0
008 190810b xxu||||| |||| 00| 0 eng d
040 _c MACL
100 _aMarden, Orison Swett
_932615
245 _aA discovry of Happiness
260 _aDelhi
_bSanmarg Prajasgan
_c2018
650 _aMotivation
_976206
942 _2ddc
_cBK
999 _c60717
_d60717